Posílení dohledového mechanismu v EU - nová pravidla pro ekonomické řízení

V marci 2011 sa Rada ministrov financií a hospodárstva zhodla na všeobecnom prístupe k jarnej Európskej rade, ktorá sa uskutočnila v dňoch 24. a 25. marca 2011. Bol prerokovávaný legislatívny balíček návrhov Komisie, ktorý sa nazýva six pack. Prehľad legislatívneho balíčka návrhov. Dvanásť hlavných...

Descripción completa

Guardado en:
Detalles Bibliográficos
Autor principal: Dostálová, Ivana
Formato: Capítulo de libro
Lenguaje:checo
Materias:
Etiquetas: Agregar Etiqueta
Sin Etiquetas, Sea el primero en etiquetar este registro!

MARC

LEADER 00000naa a2200000 4500
001 0136030
005 20220713131229.9
041 0 |a cze 
044 |a CZ 
245 1 0 |a Posílení dohledového mechanismu v EU - nová pravidla pro ekonomické řízení  |c Ivana Dostálová 
520 |a V marci 2011 sa Rada ministrov financií a hospodárstva zhodla na všeobecnom prístupe k jarnej Európskej rade, ktorá sa uskutočnila v dňoch 24. a 25. marca 2011. Bol prerokovávaný legislatívny balíček návrhov Komisie, ktorý sa nazýva six pack. Prehľad legislatívneho balíčka návrhov. Dvanásť hlavných zmien v preventívnej časti rozpočtového dohľadu. Sankcie a pokuty podľa novej úpravy Paktu stability a rastu pre eurozónu. 
610 2 0 |a politika hospodárska medzinárodná 
610 2 0 |a Európska únia 
610 2 0 |a eurozóna 
610 2 0 |a kríza hospodárska 
610 2 0 |a rozpočet spoločný 
610 2 0 |a dlhy štátne 
610 2 0 |a rast hospodársky 
610 2 0 |a stabilita hospodárstva 
100 1 |a Dostálová, Ivana